000 00625nam a2200229 a 4500
008
020 _a0273658646 (pbk.)
049 _aMAIN
090 _aHB171
_bSOL
100 1 _aSloman, John
245 1 0 _aEconomics :
_bstudent workbook and reader/
_cJohn Sloman.
250 _a5th ed.
260 _aUnited Kingdom :
_bPrentice Hall,
_c1994.
300 _axvii, 376 p :
_bill. ;
_c25 cm.
500 _aIncludes index.
650 0 _aEconomics.
907 _a.b10213041
_b25-08-10
_c01-09-06
003
005 20230123134241.0
040 _cNUST
942 _cBOOKS
_kHB171
_mSOL
999 _c162651
_d162651